Central Library OPAC University of Rajshahi

The calculi of lambda-conversion / (Record no. 51039)

MARC details
000 -LEADER
fixed length control field 00922nam a2200253 a 4500
001 - CONTROL NUMBER
control field 51039
003 - CONTROL NUMBER IDENTIFIER
rucl marc code BD-RjUL
005 - DATE AND TIME OF LATEST TRANSACTION
control field 20211209075612.0
008 - FIXED-LENGTH DATA ELEMENTS--GENERAL INFORMATION
fixed length control field 160829r19511941njua 001 0 eng d
035 ## - SYSTEM CONTROL NUMBER
System control number (BD-RjUL)51159
040 ## - CATALOGING SOURCE
Original cataloging agency BD-RjUL
Language of cataloging eng
Transcribing agency BD-RjUL
041 ## - LANGUAGE CODE
Language code of text/sound track or separate title eng
082 ## - DEWEY DECIMAL CLASSIFICATION NUMBER
Edition number 23
Classification number 511.3
Author mark and year CHC 1951
100 1# - MAIN ENTRY--PERSONAL NAME
Personal name Church, Alonzo,
Dates associated with a name 1903-1995
9 (RLIN) 152706
245 14 - TITLE STATEMENT
Title The calculi of lambda-conversion /
Statement of responsibility, etc. Alonzo Church.
260 ## - PUBLICATION, DISTRIBUTION, ETC. (IMPRINT)
Place of publication, distribution, etc. Princeton :
Name of publisher, distributor, etc. Princeton University Press,
Date of publication, distribution, etc. 1941 [Printing 1951]
300 ## - PHYSICAL DESCRIPTION
Pagination 82 p. ;
Size 23 cm.
490 1# - SERIES STATEMENT
Series statement Annals of mathematics studies ;
Volume/sequential designation no. 6
500 ## - GENERAL NOTE
General note Second printing (1951) has imprint: Princeton : Princeton University Press ; London : Humphrey Milford, Oxford University Press, 1941.
650 #0 - SUBJECT ADDED ENTRY--TOPICAL TERM
Topical term or geographic name as entry element Lambda calculus.
9 (RLIN) 152707
Topical term or geographic name as entry element Logic, Symbolic and mathematical.
9 (RLIN) 117583
830 #0 - SERIES ADDED ENTRY--UNIFORM TITLE
Uniform title Annals of mathematics studies ;
Volume number/sequential designation no. 6.
942 ## - ADDED ENTRY ELEMENTS (KOHA)
Source of classification or shelving scheme Dewey Decimal Classification
Koha item type Books
Holdings
Lost status Source of classification or shelving scheme Damaged status Not for loan Collection code Permanent Location Current Location Shelving location Date acquired Source of acquisition Cost, normal purchase price Total Checkouts Full call number Date last seen Copy number Koha item type
  Dewey Decimal Classification     Non-fiction Central Library, University of Rajshahi Central Library, University of Rajshahi   26/07/1955 O.U.P 5.00   511.3 CHC 1951 29/08/2016 C-2 Books